Economics in a Business Context

Salvato in:
Dettagli Bibliografici
Autore principale: Neale, Alan
Altri autori: Haslam, Colin
Natura: Libro
Lingua:inglese
Pubblicazione: London Van Nostrand Reinhold 1989
Edizione:1. ed.
Tags: Aggiungi Tag
Nessun Tag, puoi essere il primo ad aggiungerne!!

MARC

LEADER 00000nam a2200000 4500
001 c036917
005 20221215113634.4
041 0 |a eng 
044 |a GB 
245 1 0 |a Economics in a Business Context  |c Alan Neale, Colin Haslam 
250 |a 1. ed. 
264 1 |a London  |b Van Nostrand Reinhold  |c 1989 
300 |a 252 s. 
100 1 |a Neale, Alan 
700 1 |a Haslam, Colin